Los comentarios de Cayo Julio César / (Registro nro. 33334)
[ vista simple ]
| 000 -CABECERA | |
|---|---|
| campo de control de longitud fija | 00830nam a2200193 a 4500 |
| 001 - NÚMERO DE CONTROL | |
| campo de control | 000033843 |
| 005 - FECHA Y HORA DE LA ÚLTIMA TRANSACCIÓN | |
| campo de control | 20200930070550.0 |
| 008 - DATOS DE LONGITUD FIJA--INFORMACIÓN GENERAL | |
| campo de control de longitud fija | 110913s1798 sp ab 000 0 spa d |
| 040 ## - FUENTE DE LA CATALOGACIÓN | |
| Centro catalogador/agencia de origen | DO-SdBNP |
| Lengua de catalogación | spa |
| Centro/agencia transcriptor | BNPHU |
| 082 ## - NÚMERO DE LA CLASIFICACIÓN DECIMAL DEWEY | |
| Número de clasificación | xxxx |
| Número de documento/Ítem | C421c |
| 049 ## - FONDOS LOCALES (OCLC) | |
| Fondos de biblioteca | BNGR |
| 100 1# - ENTRADA PRINCIPAL--NOMBRE DE PERSONA | |
| Nombre de persona | César, Cayo Julio |
| 9 (RLIN) | 59259 |
| 245 14 - MENCIÓN DE TÍTULO | |
| Título | Los comentarios de Cayo Julio César / |
| Mención de responsabilidad, etc. | traducidos en castellano por Manuel de Valbuena. |
| 260 ## - PUBLICACIÓN, DISTRIBUCIÓN, ETC. | |
| Lugar de publicación, distribución, etc. | Madrid : |
| Nombre del editor, distribuidor, etc. | Impr. Real, |
| Fecha de publicación, distribución, etc. | 1798. |
| 300 ## - DESCRIPCIÓN FÍSICA | |
| Extensión | 2 v. : |
| Otras características físicas | il., map. ; |
| Dimensiones | 25 cm. |
| 500 ## - NOTA GENERAL | |
| Nota general | Suplemento a los comentarios de Cayo Julio Césarentresacado y traducido en castellano de la vida de César, escrita en Latin por Cayo Suetonio Tranquílo, y en griego por Plutarco |
| 700 12 - PUNTO DE ACCESO ADICIONAL--NOMBRE DE PERSONA | |
| Nombre de persona | Valbuena, Manuel de M., |
| Término indicativo de función/relación | tr. |
| 9 (RLIN) | 59260 |
| 700 12 - PUNTO DE ACCESO ADICIONAL--NOMBRE DE PERSONA | |
| Nombre de persona | Suetonio, Tranquilo Cayo, |
| Título de la obra | Suplemento a los comentarios de Cayo Julio César |
| 9 (RLIN) | 59261 |
| Estado de retiro | Estado de pérdida | Restricciones de uso | No para préstamo | Código de colección | Localización permanente | Ubicación/localización actual | Ubicación en estantería | Fecha de adquisición | Número de inventario | Total de préstamos | Signatura topográfica completa | Código de barras | Fecha visto por última vez | Precio válido a partir de | Tipo de ítem Koha | Nota pública |
|---|---|---|---|---|---|---|---|---|---|---|---|---|---|---|---|---|
| Excluido de préstamo | Monografías: Libros y Folletos | General | General | En catalogación | 13.09.2011 | LF1 | v. 2 | 33843-10 | 25.06.2020 | 25.06.2020 | No se presta | Perteneció a la biblioteca personal de Viviani Luna |
